000 00717nam a2200289Ia 4500
005 20260324122057.0
008 008 260324s9999 xx 000 0 eng d
020 _a9780203754184
037 _aEBOOK
040 _aCRL
040 _beng
040 _cCRL
041 _2eng
041 _aeng
084 _qCRL
100 _aJyoti Choudrie; Catherine Middleton
_91165021
245 0 _aManagement of Broadband Technology and Innovation
245 0 _bPolicy, Deployment, and Use
260 _bTaylor and Francis
260 _c2013
365 _a
365 _b240
856 _uhttp://www.taylorfrancis.com/books/9780203754184
942 _cEBOOK
999 _c1757503
_d1757503